00686nam a22002172 450000100060000000300080000600500170001400800410003102000210007203500510009304000320014404100080017608200290018410000260021324500630023926000300030230000210033250400370035365000350039065000430042515307BD-RjUL20211208235806.0140209s1984 enk 001 0 eng d a0582296218 (pbk) a(BD-RjUL)15361aOCLC ocm12449496 from D961206M aUKMcUKMdEQOdBD-RjULbeng aeng00a657.460941219bSCA 19841 aScrimgeour, J. Larry.10aAccounting for UK company taxation /cJ. Larry Scrimgeour. aLondon :bLongman,c1984. a260 p. ;c24 cm. aBibliography: p. 255. and index. 0aTax accountingzGreat Britain. 0aCorporationsxTaxationzGreat Britain.